01081cam a2200313 i 450000100060000000300090000600500170001500800410003201500170007304000280009008000150011808000200013310000370015324500730019026000330026330000450029638000160034138800140035749000570037160000300042864800140045865000250047265500140049765800310051170000420054271000290058483000560061385600980066917622KOSZ 00520240405063026.0020718s1977 pl a |000 0 pol  aPB 1978/3531 aWA NcWA NdKOSZ 005/HR a72.071(44) a929-052(44)"19"1 aNagy, Elemérd(1928- ).eAutor13aLe Corbusier /ctekst Elémer Nagy ; [tł. Mieczysław Dobrowolny]. aWarszawa :b"Arkady",c1977. a31, [1] s., [22] k. il. :bil. ;c23 cm. aKsiążki a1901-20001 aArchitektura i Architekci Świata Współczesnego.14aLe Corbusierd(1887-1965) 4a1901-2000 4aArchitekci francuscy 4aBiografia aArchitektura i budownictwo1 aDobrowolny, MieczysławeTłumaczenie2 aWydawnictwo Arkady4pbl. 0aArchitektura i Architekci Świata Współczesnego uhttp://koha.tu.koszalin.pl/cgi-bin/koha/opac-detail.pl?biblionumber=17622yKatalog online BPK